000 00463nam a2200157 a 4500
001 000031729
005 20200930063133.0
008 110630s19uu dr a 000 0 spa d
040 _aDO-SdBNP
_bspa
_cBNPHU
082 _axxx
_bM935
110 1 _aRepública Dominicana
_bMovimiento Campesino Independiente
_957984
245 1 0 _aProyecto de modificación de estatutos.
260 _a[s.l.] :
_b[s.n.],
_c[19--?].
300 _a48 p. :
_bil. ;
_c21 cm.
049 _aBNPD
999 _c31221
_d31221